| 000 | nam a22 7a 4500 | ||
|---|---|---|---|
| 999 |
_c233128 _d233128 |
||
| 003 | Nust | ||
| 005 | 20170302133141.0 | ||
| 008 | 170302b xxu||||| |||| 00| 0 eng d | ||
| 040 | _c0 | ||
| 050 | _a363.7 MIR | ||
| 082 | _a363.7 MIR | ||
| 100 | _aSidra Tul Ain Ismail Mir | ||
| 245 |
_aPhotocatalytic Degradation Of Moxifloxacin Using Titania Nanotubes _cSidra Tul Ain Ismail Mir |
||
| 260 |
_aIslamabad _bIESE (SCEE) NUST _c2015. |
||
| 300 |
_a69 p. _bHB. |
||
| 440 | _aMS Environmental Science | ||
| 500 | _aThesis MS ES | ||
| 650 | _aEnvironmental Science | ||
| 700 | _4Dr. Ishtiaq A Qazi (Supervisor) | ||
| 942 |
_2ddc _cTHE _kIESE |
||